Language Isolates - Statistics

General Stats
  • This quiz has been taken 59 times
  • The average score is 6 of 15
Answer Stats
Hint Answer % Correct
Group in Northern Spain, known for their historical sailing skills Basque
98%
The indigenous peoples of the above island country Ainu
84%
From an island country in Asia known for their culture Japanese
82%
Extinct ancient language that is one of the oldest written ones Sumerian
63%
Known for their barbecue and music Korean
51%
The [extinct] oldest known language from Iran Elamite
37%
Indigenous language spoken on some islands in Canada and Alaska Haida
33%
Spoken in the far-southern Andes and part of the Chilean macro-archipelago. Featured in the video game Sid Meier's Civilization VI Mapuche
33%
Language famous for being incredibly anomalous to modern linguistics theories, including, but not limited to, not allowing recursive clauses and borrowing all of its pronouns from neighboring languages Pirahã
33%
Known for their distinct cultural traditions in Pakistan and India Burushaski
29%
Tanzanian language with a lot of clicks Sandawe
24%
Language of the Aztec rivals, who live(d) in what is now the state of Michoacán Purépecha
20%
Aboriginal Australian language spoken on some islands off the coast of Darwin Tiwi
20%
Spoken in Bird's Head Peninsula in West Papua Maybrat
2%
Indigenous group in Brazil that historically had a very distinct culture, but has now all but assimilated Kanoê
0%
No matching quizzes found
Score Distribution
Percent of People with Each Score
Percentile by Number Answered
Your Score History
You have not taken this quiz